00545nam a2200145Ia 4500999001700000082001200017100002000029245010400049260003500153300001000188650005500198710002100253942001200274952011300286 c16738d16738 aTS.0794 aSingh, Raj Nath 0aManagement control of Uttar Pradesh State Electricity Board through formulation of key result areas c1983bBanaras Hindu University a666p. aUTTAR PRADESH STATE ELECTRICITY BOARD - MANAGEMENT aBhandari, S.K.R. cTH2ddc 00104070aNASSDOCbNASSDOCd2004-10-08i2004-10-22l0oTS.0794p18109r2019-04-18 00:00:00w2019-04-18yTH